Statistics for Countries with most athletes at 2014 Winter olympics

Click here to take the quiz!

General Stats

  • This quiz has been taken 357 times
  • The average score is 11 of 12

Answer Stats

Hint Answer % Correct
230USA
100%
226Russia
99%
221Canada
98%
134Norway
95%
153Germany
94%
106Sweden
92%
105France
91%
103Finland
88%
113Japan
86%
113Italy
84%
130Austria
81%
168Switzerland
79%

Score Distribution

Percentile by Number Answered

Percent of People with Each Score

Your Score History

You have not taken this quiz